Detalles MARC
| 000 -CABECERA |
| campo de control de longitud fija |
01062nam a2200181 a 4500 |
| 001 - NÚMERO DE CONTROL |
| campo de control |
000045057 |
| 005 - FECHA Y HORA DE LA ÚLTIMA TRANSACCIÓN |
| campo de control |
20201002045837.0 |
| 008 - DATOS DE LONGITUD FIJA--INFORMACIÓN GENERAL |
| campo de control de longitud fija |
150130s2012 dr a 000 0 spa d |
| 020 ## - NÚMERO INTERNACIONAL ESTÁNDAR DEL LIBRO |
| Número Internacional Estándar del Libro |
9789945471328 |
| 040 ## - FUENTE DE LA CATALOGACIÓN |
| Centro catalogador/agencia de origen |
DO-SdBNP |
| Lengua de catalogación |
spa |
| Centro/agencia transcriptor |
BNPHU |
| 100 1# - ENTRADA PRINCIPAL--NOMBRE DE PERSONA |
| Nombre de persona |
Vargas de Castellanos, Dulce |
| 9 (RLIN) |
73065 |
| 245 13 - MENCIÓN DE TÍTULO |
| Título |
La constitución dominicana infantil / |
| Mención de responsabilidad, etc. |
Dulce Vargas del Castellanos ; ilustraciones Roberto Carlos Rodríguez. |
| 260 ## - PUBLICACIÓN, DISTRIBUCIÓN, ETC. |
| Lugar de publicación, distribución, etc. |
Santo Domingo : |
| Nombre del editor, distribuidor, etc. |
Cámara de Diputados, |
| Fecha de publicación, distribución, etc. |
2012. |
| 300 ## - DESCRIPCIÓN FÍSICA |
| Extensión |
148 p. : |
| Otras características físicas |
il. ; |
| Dimensiones |
29 cm. |
| 505 0# - NOTA DE CONTENIDO CON FORMATO |
| Nota de contenido con formato |
De la nación del estado, de su gobierno y de sus principios fundamentales -- |
| Título |
Derechos garantías y deberes fundamentales -- |
| -- |
El Poder Legislativo -- |
| -- |
El Poder Ejecutivo -- |
| -- |
El Poder Judicial -- |
| -- |
El control constitucional -- |
| -- |
El sistema electoral -- |
| -- |
Régimen económico -- |
| -- |
De la seguridad y la defensa -- |
| -- |
De los estados de excepción -- |
| -- |
Las reformas constitucionales -- |
| -- |
Disposiciones generales y transitorias |
| 700 1# - PUNTO DE ACCESO ADICIONAL--NOMBRE DE PERSONA |
| Nombre de persona |
Rodríguez, Roberto Carlos |
| Término indicativo de función/relación |
il. |
| 9 (RLIN) |
40903 |
| 710 2# - PUNTO DE ACCESO ADICIONAL--NOMBRE DE ENTIDAD CORPORATIVA |
| Nombre de entidad corporativa o nombre de jurisdicción como elemento de entrada |
Cámara de Diputados (República Dominicana) |
| 9 (RLIN) |
73066 |